Minecraft Vocabulary #6 - Statistics

General Stats
  • This quiz has been taken 11 times
  • The average score is 9 of 15
Answer Stats
Term Word % Correct
Tree type in minecraft that appears to be pink Cherry
100%
Blue aquatic mob that shoots lasers at you Guardian
90%
Type of stew that can give you potion effects Suspicious
90%
Structure made by piglins with lots of gold Bastion
80%
Variant of the above that can drop sponges Elder
70%
Snow that kills you unless wearing leather boots Powdered
70%
A crack in the ground where ores may spawn Ravine
70%
What you can add to copper to stop rusting Honeycomb
60%
Type of blackstone in the above with gold in it Gilded
50%
Third stage of the rusting process of copper Oxidized
50%
Version of a Hoglin that is in the overworld Zoglin
50%
Music disc gotten when specially killing ghasts Tears
40%
Old name for Minecraft when it was released Cave Game
30%
Second stage of the rusting prccess of copper Weathered
30%
First stage of the rusting process of copper Exposed
20%
No matching quizzes found
Score Distribution
Percent of People with Each Score
Percentile by Number Answered
Your Score History
You have not taken this quiz